Handball A-Z - Statistiques

Statistiques générales
  • Ce quiz a été pris 408 fois
  • Le résultat moyen est 8 sur 26
Statistiques - réponses
Lettre Description Réponse % Correct
A Pays dont le handball est originaire Allemagne
97%
C Geste technique offensif en attaque qui consiste au tireur de feinter une frappe lourde puis, au dernier moment, il “casse” le poignet afin de le faire passer sous la balle et ainsi la glisser juste au-dessus de la tête du gardien Chabala
72%
B Surnom de l'Equipe de France de 1993-1996 "Les …." Barjots
61%
M Club masculin français la + titré du Championnat de France masculin de handball Montpellier
53%
P Nation qui a finit 4ème au championnat du monde handball masculin 2025 Portugal
49%
Q Nation finaliste au championnat du monde handball masculin 2015 Qatar
49%
G Nom du Meilleur handballeur mondial de l'année 2024-2025 Gidsel
42%
E Action offensive visant, par l’utilisation du corps en barrage, à faire obstacle à un déplacement antérieur du défenseur Ecran
36%
F Nom du meilleur buteur de l'histoire de l'équipe de France Fernandez
34%
O Nom du joueur le plus titré aux championnat du monde Omeyer
34%
R Equipe 4 fois champions du monde en 1961 1964 1970 1974 Roumanie
34%
N Action défensive qui permet d’arrêter le porteur de balle en lui interdisant tous débordement et toute transmission Neutraliser
33%
L Nom du Championnat de France masculin de handball Liqui Moly Starligue
26%
Z Système défensif dans lequel chaque joueur a la responsabilité d’un secteur en fonction du poste occupé par le défenseur dans le dispositif Zone
22%
V Prénom et nom du joueur espagnol qui a le plus de but de l'histoire du Championnat de France masculin de handball derrière Raphaël Caucheteux Valero Rivera
20%
I Prénom et nom du joueur croate qui a été élue 2 fois meilleur handballeur mondial de l'année Ivano Balic
19%
U Club français dont Didier Dinart est l'entraineur principal US Ivry
19%
S Prénom de la handballeuse qui jouait à l'aile gauche dont son nom est :"Dembélé-Pavlović" Siraba
18%
K Prénom et nom du joueur macédonien meilleur buteur de la ligue des champions de handball Kiril Lazarov
16%
X Prénom et nom du joueur de handball français surnommée "la barach" Xavier Barachet
16%
D Nom de la meilleure joueuse de la saison 2024-2025 de la Division 1 féminine Darleux
15%
W Nom du joueur qui est champion d'Europe en 2016 avec l'Allemagne et élu meilleur gardien lors de cette compétition Wolff
14%
T Disposition de quatre joueurs en attaque qui permet une occupation optimale de l’espace tant en largeur qu’en profondeur Trapèze
9%
Y Prénom et nom d'un des gardiens de but français qui est champion olympique en 2020 Yann Genty
9%
H Prénom et nom de la meilleure handballeuse mondial de l'année 2024-2025 Henny Reistad
5%
J Demi centre suédois élu meilleure joueur suédois de l'année 2 fois qui joue en Allemagne dans le club SG Flensburg-Handewitt Jim Gottfridsson
4%
Aucun quiz correspondant
Distribution des résultats
% des personnes avec chaque résultat
Percentile par nombre de réponses
Votre historique - résultats
Vous n’avez pas pris ce quiz